00386nam a2200145Ia 450000500170000000800410001702000150005808200160007310000210008924500180011026000770012830000140020565000100021965000110022920240513011813.0240331s9999 xx 000 0 und d a8120405978 bPARa331.48 aParikh, J.Indira 0aWomen weavers aNew DelhibMohan primlani for oxfort & IBH publishing Co. Pvt. Ltdc1991 a113, p ., aWomen aSocial